00354 a2200109 4500001001000000005001700010008004100027245006400068100002200132773007300154999001700227ART_1763420260410161924.0260409a 10aThe narrowing of black-white wage differentials is illusory1 aLazear, Edward P.0 tThe American Economic Reviewg- Vol. 69, NÂș 4 (sep. 1979)wREV16190 c27946d27946